Nesbit's practical land surveying (Record no. 114665)
[ view plain ]
| 000 -LEADER | |
|---|---|
| fixed length control field | 00660cam a22002055a 4500 |
| 001 - CONTROL NUMBER | |
| control field | L157235 |
| 008 - FIXED-LENGTH DATA ELEMENTS--GENERAL INFORMATION | |
| fixed length control field | 121002s1870 xxk f 000 0 eng d |
| 035 ## - SYSTEM CONTROL NUMBER | |
| System control number | (Sirsi) u157235 |
| 041 0# - LANGUAGE CODE | |
| Language code of text/sound track or separate title | eng |
| 245 00 - TITLE STATEMENT | |
| Title | Nesbit's practical land surveying |
| 250 ## - EDITION STATEMENT | |
| Edition statement | 12th ed. |
| 260 ## - PUBLICATION, DISTRIBUTION, ETC. | |
| Place of publication, distribution, etc. | London |
| Name of publisher, distributor, etc. | Longmans, Green, Reader, and Dyer |
| Date of publication, distribution, etc. | 1870 |
| 300 ## - PHYSICAL DESCRIPTION | |
| Extent | 499 p., 6 pl., 43 p. |
| Other physical details | ill. |
| Dimensions | 23 cm. |
| 520 ## - SUMMARY, ETC. | |
| Summary, etc. | Inscribed with the name "Henry Ward" on the top right corner of front endpaper. |
| 583 ## - ACTION NOTE | |
| Action | Condition reviewed |
| Time/date of action | 20121002 |
| Status | condition level 4 |
| 651 #4 - SUBJECT ADDED ENTRY--GEOGRAPHIC NAME | |
| Geographic name | Great Britain |
| Chronological subdivision | 1707- |
| 690 ## - LOCAL SUBJECT ADDED ENTRY--TOPICAL TERM (OCLC, RLIN) | |
| Topical term or geographic name as entry element | Geomatics |
| 9 (RLIN) | 6242 |
| 700 1# - ADDED ENTRY--PERSONAL NAME | |
| Personal name | Burness, William |
| Relator term | Editor |
| 942 ## - ADDED ENTRY ELEMENTS (KOHA) | |
| Suppress in OPAC | 0 |
| Withdrawn status | Lost status | Source of classification or shelving scheme | Damaged status | Not for loan | Home library | Current library | Shelving location | Date acquired | Total Checkouts | Full call number | Barcode | Date last seen | Copy number | Price effective from | Koha item type |
|---|---|---|---|---|---|---|---|---|---|---|---|---|---|---|---|
| Dewey Decimal Classification | Historic collection | Historic collection | Historic collection | 02/10/2012 | QUARTO 1870 NESBIT | 30077062 | 06/08/2019 | 1 | 06/08/2019 | Book |